000
00337nam a2200133Ia 4500
008
100328s9999 xx 000 0 und d
082
_b
64849
100
_a
नाईक गुरुनाथ.
245
_a
काटशह.
260
_b
शिवमे.
630
_a
काटशह.
730
_a
काटशह.
942
_c
BOOK
999
_c
550606
_d
550603